<?xml version="1.0" encoding="UTF-8"?>
<record
    xmlns:xsi="http://www.w3.org/2001/XMLSchema-instance"
    xsi:schemaLocation="http://www.loc.gov/MARC21/slim http://www.loc.gov/standards/marcxml/schema/MARC21slim.xsd"
    xmlns="http://www.loc.gov/MARC21/slim">

  <leader>00423nam a22001697a 4500</leader>
  <controlfield tag="005">20260414162021.0</controlfield>
  <controlfield tag="008">260414b        |||||||| |||| 00| 0 eng d</controlfield>
  <datafield tag="020" ind1=" " ind2=" ">
    <subfield code="a">9788120337886</subfield>
  </datafield>
  <datafield tag="050" ind1=" " ind2=" ">
    <subfield code="a">T 353 .J64 2009</subfield>
    <subfield code="b">C.1</subfield>
  </datafield>
  <datafield tag="100" ind1=" " ind2=" ">
    <subfield code="a">JOHN,C.K</subfield>
  </datafield>
  <datafield tag="245" ind1=" " ind2=" ">
    <subfield code="a">ENGINEERING GRAPHICS FOR DEGREE</subfield>
  </datafield>
  <datafield tag="260" ind1=" " ind2=" ">
    <subfield code="a">DELHI</subfield>
    <subfield code="b">ASOKE K. GHOSH</subfield>
    <subfield code="c">2009</subfield>
  </datafield>
  <datafield tag="300" ind1=" " ind2=" ">
    <subfield code="a">520</subfield>
  </datafield>
  <datafield tag="500" ind1=" " ind2=" ">
    <subfield code="a">INCLUDES INDEX</subfield>
  </datafield>
  <datafield tag="700" ind1=" " ind2=" ">
    <subfield code="a">JOHN,C.K</subfield>
  </datafield>
  <datafield tag="942" ind1=" " ind2=" ">
    <subfield code="2">lcc</subfield>
    <subfield code="c">BK</subfield>
  </datafield>
  <datafield tag="999" ind1=" " ind2=" ">
    <subfield code="c">216957</subfield>
    <subfield code="d">216957</subfield>
  </datafield>
  <datafield tag="952" ind1=" " ind2=" ">
    <subfield code="0">0</subfield>
    <subfield code="1">0</subfield>
    <subfield code="2">lcc</subfield>
    <subfield code="4">0</subfield>
    <subfield code="6">T0353 J64  02009</subfield>
    <subfield code="7">0</subfield>
    <subfield code="9">376826</subfield>
    <subfield code="a">KSUL</subfield>
    <subfield code="b">KSUL</subfield>
    <subfield code="c">DISPLAY</subfield>
    <subfield code="d">2026-04-14</subfield>
    <subfield code="i">112907</subfield>
    <subfield code="l">0</subfield>
    <subfield code="o">T 353 .J64 2009</subfield>
    <subfield code="p">A001461</subfield>
    <subfield code="r">2026-04-14 16:23:00</subfield>
    <subfield code="t">C.1</subfield>
    <subfield code="w">2026-04-14</subfield>
    <subfield code="y">BK</subfield>
  </datafield>
  <datafield tag="952" ind1=" " ind2=" ">
    <subfield code="0">0</subfield>
    <subfield code="1">0</subfield>
    <subfield code="2">lcc</subfield>
    <subfield code="4">0</subfield>
    <subfield code="6">T0353 J64  02009</subfield>
    <subfield code="7">0</subfield>
    <subfield code="9">376827</subfield>
    <subfield code="a">KSUL</subfield>
    <subfield code="b">KSUL</subfield>
    <subfield code="c">DISPLAY</subfield>
    <subfield code="d">2026-04-14</subfield>
    <subfield code="i">112908</subfield>
    <subfield code="l">0</subfield>
    <subfield code="o">T353 .J64 2009</subfield>
    <subfield code="p">A001482</subfield>
    <subfield code="r">2026-04-14 16:33:18</subfield>
    <subfield code="t">C.2</subfield>
    <subfield code="w">2026-04-14</subfield>
    <subfield code="y">BK</subfield>
  </datafield>
  <datafield tag="952" ind1=" " ind2=" ">
    <subfield code="0">0</subfield>
    <subfield code="1">0</subfield>
    <subfield code="2">lcc</subfield>
    <subfield code="4">0</subfield>
    <subfield code="6">T0353 J64  02009</subfield>
    <subfield code="7">0</subfield>
    <subfield code="9">376828</subfield>
    <subfield code="a">KSUL</subfield>
    <subfield code="b">KSUL</subfield>
    <subfield code="c">DISPLAY</subfield>
    <subfield code="d">2026-04-14</subfield>
    <subfield code="i">112909</subfield>
    <subfield code="l">0</subfield>
    <subfield code="o">T353 .J64 2009</subfield>
    <subfield code="p">A001463</subfield>
    <subfield code="r">2026-04-14 16:33:00</subfield>
    <subfield code="t">C.3</subfield>
    <subfield code="w">2026-04-14</subfield>
    <subfield code="y">BK</subfield>
  </datafield>
  <datafield tag="952" ind1=" " ind2=" ">
    <subfield code="0">0</subfield>
    <subfield code="1">0</subfield>
    <subfield code="2">lcc</subfield>
    <subfield code="4">0</subfield>
    <subfield code="6">T0353 J64  02009</subfield>
    <subfield code="7">0</subfield>
    <subfield code="9">376829</subfield>
    <subfield code="a">KSUL</subfield>
    <subfield code="b">KSUL</subfield>
    <subfield code="c">DISPLAY</subfield>
    <subfield code="d">2026-04-14</subfield>
    <subfield code="i">112910</subfield>
    <subfield code="l">0</subfield>
    <subfield code="o">T 353 .J64 2009</subfield>
    <subfield code="p">A001465</subfield>
    <subfield code="r">2026-04-14 16:38:47</subfield>
    <subfield code="t">C.4</subfield>
    <subfield code="w">2026-04-14</subfield>
    <subfield code="y">BK</subfield>
  </datafield>
</record>
